000
00288nam a2200109Ia 4500
008
200302s9999 xx 000 0 und d
100
_a
Kenneth Frampton and Others
245
_a
A Genalogy of modern architecture
260
_b
Laurence King Publishing Ltd.,
260
_c
2015
300
_a
303
999
_c
7008
_d
7008